Obtención de aceite esencial de naranja dulce y toronja por medio de un modelo de unidad extractora a escala piloto

Presenta la extracción de aceite esencial de cítricos mediante un modelo de una unidad extractora a escala piloto. Emplea un método de diseño experimental para efectuar pruebas en la unidad extractora. Aplica los principales métodos de ensayo para la caracterización de aceites esenciales. Dete...

Full description

Bibliographic Details
Main Authors: Rodríguez Taleno, Eloyna Isabel, Taleno Oporta, Helia Vanessa
Other Authors: Tutor: Guzman García, Guillermo
Format: Tesis Section = Libro
Language:Undetermined
Spanish
Published: Managua UNI 1998
Subjects:
LEADER 01249nam a2200277Ia 4500
008 240830s9999 xx 000 0 und d
040 |a BIBLIOTECA-RUSB/ Mon 661.806 R696 
041 |a spa 
082 |a Mon 661.806 R696 
100 1 |a Rodríguez Taleno, Eloyna Isabel 
100 1 |b Taleno Oporta, Helia Vanessa 
245 1 0 |a Obtención de aceite esencial de naranja dulce y toronja por medio de un modelo de unidad extractora a escala piloto 
260 |a Managua  |b UNI  |c 1998 
300 |a 76 p. :il. 
500 |a Contiene: apéndices. 
502 |a Tesis (Ingeniero Químico) - UNI, 1998. 
520 3 |a Presenta la extracción de aceite esencial de cítricos mediante un modelo de una unidad extractora a escala piloto. Emplea un método de diseño experimental para efectuar pruebas en la unidad extractora. Aplica los principales métodos de ensayo para la caracterización de aceites esenciales. Determina los costos que tendría un micro empresa al emplear una unidad extractora. 
650 7 |a ACEITES ESENCIALES 
650 7 |b  ACEITES DE CITRICOS 
650 7 |c  ESTRACCION ACEITE 
650 7 |d  NARANJA 
650 7 |e  TORONJA 
700 1 |a Tutor:  |b Guzman García, Guillermo 
942 |c BK  |2 ddc 
991 |a TESIS 
999 |c 20668